Countries in an Empty Ring of the World Map - Statistics

General Stats
  • This quiz has been taken 127,258 times
    127,253 since last reset
  • The average score is 20 of 27
Answers on the Map
Answers color-coded by a green-red scale on the quiz's map according to % correct below.
 
Answer Stats
Country % Correct
China
96%
India
94%
Australia
91%
Indonesia
85%
Pakistan
82%
Nepal
81%
Saudi Arabia
80%
Yemen
77%
Oman
76%
Bhutan
75%
Somalia
75%
Bangladesh
74%
Ethiopia
74%
Iran
74%
Kenya
72%
Myanmar
72%
Philippines
72%
Vietnam
72%
Madagascar
69%
United Arab Emirates
69%
Tanzania
67%
Mozambique
63%
Djibouti
60%
Eritrea
59%
Comoros
48%
East Timor
47%
Mauritius
46%
No matching quizzes found
Score Distribution
Percent of People with Each Score
Percentile by Number Answered
Your Score History
You have not taken this quiz since the last reset